000 00542nam a22002057a 4500
003 UA-OsUOA
001 59206
007 ta
008 20090313b un ||||| |||| 00| 0 ukr d
090 _a330
942 _cSA
040 _aUA-OsUOA
_bukr
_cUA-OsUOA
_dUA-OsUOA
245 _aБанки України. Діяльність банків України за 9 місяців 2009 року
300 _aС.13-23
955 _a0
041 _aukr
080 _a330
773 0 _w59205
650 7 _a330 Економіка взагалі
_2UDC
999 _c345287
_d345287